[Event "Corus"]
[Site "Wijk aan Zee"]
[Date "2010.01.30"]
[Round "12"]
[White "Karjakin, Sergey"]
[Black "Shirov, Alexei"]
[Result "1/2-1/2"]
[WhiteElo "2720"]
[BlackElo "2723"]
[Annotator "Marin,M"]
[PlyCount "80"]
[EventDate "2010.01.16"]
[EventType "tourn"]
[EventRounds "13"]
[EventCountry "NED"]
[EventCategory "19"]
[SourceTitle "CBM 135"]
[Source "ChessBase"]
[SourceDate "2010.03.17"]
[SourceVersion "1"]
[SourceVersionDate "2010.03.17"]
[SourceQuality "1"]

1. e4 e5 2. Nf3 Nc6 3. Bb5 a6 4. Ba4 Nf6 5. O-O b5 6. Bb3 Bc5 7. c3 d6 8. a4
Rb8 9. d4 Bb6 10. Na3 O-O 11. axb5 axb5 12. Nxb5 Bg4 13. Bc2 exd4 14. Nbxd4
Nxd4 15. cxd4 Bxf3 16. gxf3 Nh5 17. Ra4 ({Deviating from his previous game
against Anand, which went} 17. Kh1) 17... Qf6 $146 (17... Qh4 {Kryvoruchko,Y 
(2612)-Avrukh,B (2668)/Novi Sad 2009/CBM 133 (1/2, 44)}) 18. e5 {White
initiates a prolonged tactical phase, leading to global exchanges, but no
amelioration of his main problem: the kingside weakness.} dxe5 19. dxe5 Qxe5
20. f4 Qc5 21. b4 Qc6 22. b5 Qc3 23. Bxh7+ Kxh7 24. Qxh5+ Kg8 25. Ra3 Qc2 26.
Rh3 Qg6+ 27. Qxg6 fxg6 28. Rg3 Kh7 29. Rd1 Rf5 30. Bb2 Rxf4 31. Rh3+ Kg8 32.
Rd7 Bxf2+ 33. Kh1 Bh4 34. Be5 Rf1+ 35. Kg2 Rf2+ 36. Kg1 Rf5 37. Bxc7 Bf2+ 38.
Kg2 Rbxb5 39. Rd8+ Kf7 40. Rd7+ Kg8 1/2-1/2

[Event "Corus"]
[Site "Wijk aan Zee"]
[Date "2010.01.27"]
[Round "10"]
[White "Anand, Viswanathan"]
[Black "Shirov, Alexei"]
[Result "1-0"]
[WhiteElo "2790"]
[BlackElo "2723"]
[Annotator "Marin,M"]
[PlyCount "109"]
[EventDate "2010.01.16"]
[EventType "tourn"]
[EventRounds "13"]
[EventCountry "NED"]
[EventCategory "19"]
[SourceTitle "CBM 135"]
[Source "ChessBase"]
[SourceDate "2010.03.17"]
[SourceVersion "1"]
[SourceVersionDate "2010.03.17"]
[SourceQuality "1"]

1. e4 e5 2. Nf3 Nc6 3. Bb5 a6 4. Ba4 Nf6 5. O-O b5 6. Bb3 Bc5 7. a4 Rb8 8. c3
d6 9. d4 Bb6 10. a5 {A highly committal move. White wins space on the
queenside and the tempi spent on advancing the a-pawn will be retrieved thanks
to the relatively unsafe situation of the bishop. At the same time, Black is
deprived of the freeing move ...Na5 forever. On the other hand, Black no
longer has worries on the queenside and he can even hope that at some point
the a5-pawn will become weak.} Ba7 ({Accepting the sacrifice with the king
uncastled is dangerous.} 10... Nxa5 11. Rxa5 $1 Bxa5 12. dxe5 Ng4 13. Bg5 f6
14. exf6 gxf6 15. Bh4 c5 16. h3 h5 17. Nbd2 $1 {Simply developing. Black's
position is a complete mess despite his big material advantage.} (17. hxg4 {
unnecessarily exposes the white king, allowing Black to develop his h8-rook at
the same time.} hxg4 18. e5 gxf3 19. Bxf6 fxg2 20. Re1 Qd7 21. exd6+ Kf8 {
Ponkratov,P (2489)-Papin,V (2475)/St Petersburg 2008/CBM 123 Extra (1/2, 27)
and Yatsenko,A (2483)-Ponkratov,P (2530)/Satka 2008/CBM 125 Extra (1/2, 30)})
17... Rb7 18. Bd5 Rg7 19. e5 $1 $40 {A thematic break, clearing the e4-square
for the knight.} Nxe5 20. Nxe5 dxe5 21. Ne4 Rh6 22. Qf3 Rgg6 23. Rd1 Kf8 {
In Dolmatov,S (2608)-Sivokho,S (2469)/St Petersburg 2000/EXT 2001 (1-0, 60),
the simplest win would have been} 24. Bf7 $1 $18) 11. h3 O-O 12. Be3 Ra8 {
In view of the threat dxe5, when the a7-bishop would be hanging (...Bxe3 exf6!
is good for White), Black has to lose another tempo.} ({Giving up the centre
looks like a concession:} 12... exd4 {Timofeev,A (2663)-Halkias,S (2583)/
Dresden 2007/CBM 118/[Ftacnik] (1-0, 41}) 13. Nbd2 Bb7 14. Re1 {An important
splitting point. White has made flexible developing moves so far and Black
needs to define his intentions.} Re8 (14... Nd7 $6 {is too passive:} 15. Bd5
Rb8 16. b4 $14 {Aagaard,J (2467)-Godena,M (2547)/Bratto 2007/CBM 120 ext (1-0,
31)}) ({Previously, Black prepared ...Re8 with} 14... h6 {, which seems quite
playable.} 15. Bc2 Re8 16. d5 ({It is hard to find a constructive move that
maintains the tension. For instance,} 16. Qb1 {[%csl Ge4][%cal Gd2f1]
overprotecting e4 in order to prepare Nf1-g3, allows} exd4 17. cxd4 Nb4 $15 {
and the bishop does not have at his disposal the b1-square for retreat.}) 16...
Ne7 17. Bxa7 Rxa7 18. b4 Ng6 19. c4 bxc4 20. Nxc4 Nf4 21. Ba4 Rf8 22. b5 axb5
23. Bxb5 Bc8 24. a6 Bd7 25. Na3 Nh7 26. Bf1 f5 $132 {Luther,T (2526)
-Kazhgaleyev,M (2594)/Cappelle la Grande 2008/CBM 122 Extra (0-1, 52)}) ({
For once, giving up the centre with} 14... exd4 {worked out relatively well,
but personally I would refrain from such a radical method.} 15. cxd4 Nb4 16.
Bg5 h6 17. Bh4 Nd3 18. Re3 Nf4 19. e5 dxe5 20. dxe5 Bxe3 21. fxe3 Ng6 22. exf6
Nxh4 23. Nxh4 Qxf6 $13 {Bologan,V (2692)-Caruana,F (2652)/Reggio Emilia 2009 
(0-1, 41)}) 15. Ng5 {A logical reaction, aiming to punish Black for having
omitted ...h6.} (15. Nf1 $6 {is not possible because of} exd4 16. cxd4 Rxe4 $15
) ({However, the solid} 15. Bc2 {deserves attention. It may seem that Black is
a tempo up if compared with Luther,T (2526)-Kazhgaleyev,M (2594)/Cappelle la
Grande 2008/CBM 122 Extra (0-1, 52), but how is he going to use it? Please
take into account also that in the said game ...h6 enabled ...Nh7 followed by .
..f5, which hardly makes its omission such an important gain..}) 15... Re7 $146
(15... Rf8 {looks a bit passive, but is not necessarily bad.} 16. Nf1 Ne7 $2 {
But this is a blunder.} ({Black could return to familiar paths with} 16... h6
17. Nf3 Re8) 17. dxe5 Bxe3 (17... dxe5 18. Qxd8 $18 {leaves Black's rooks
overloaded.}) 18. Bxf7+ $1 $18 {Kosteniuk,A (2517)-Kosintseva,N (2518)/Konya
2009/ (1-0, 30)}) 16. d5 {A similar combination of Ng5 and d5 was employed by
Kamsky in his match against Topalov. The opening was different (Zaitsev Ruy
Lopez), but the structure quite similar.} Nb8 17. Bxa7 Rxa7 18. Nf1 {It may
seem that chaos is reigning in Black's camp. However, after the following pawn
break it becomes clear that White has made some important startegic
concessions, while Black only needs a few tempi to get coordinated.} c6 $1 {
Questioning White's advantage in the centre and preparing to connect rooks in
a rather unusual way, along the seventh rank!} 19. Ne3 ({We can notice the
first negative effects of a4-a5:} 19. dxc6 Nxc6 $15 {leaves the pawn at
Black's mercy.}) 19... cxd5 20. exd5 h6 21. Nf3 Rc7 $1 {Being better developed,
White still has some hopes of getting the initiative by means of a pawn break.
The only one that could be figured out is c3-c4, against which is directed
Shirov's last move.} 22. Nd2 (22. c4 $6 Rc5 $1 $15 {[%csl Ga5,Gc4,Gd5] would
leave several white pawns hanging.}) 22... Nbd7 23. c4 Nc5 (23... Rc5 {is
slightly effective now:} 24. Ba2 {[%cal Gb2b4]} bxc4 25. Ndxc4 $13) 24. Bc2 (
24. cxb5 axb5 $17 {[%csl Ga5,Gd5]}) 24... b4 $1 $17 {It appears that White's
attacking operation has ended in a fiasco. Instead of opening the queenside,
he has been left with a potentially bad bishop, while Black has a fantastic
blockade on the dark squares. This means that the result of the opening (let
us say, after 21 moves) has been anything but satisfactory for White.} 25. Ndf1
({During the press conference, Anand said that he also considered} 25. Nb3 {
, slightly questioning Black's stability on the dark squares, but realised
that after} Bc8 {re-developing the bishop and connecting rooks, White would
have achieved nothing:} 26. Nxc5 $6 Rxc5 $17 {[%cal Gc5a5]} 27. Qd2 Rb7 {
[%cal Gc5a5]}) 25... Bc8 26. Ng3 g6 27. b3 {White has more or less completed
his useful moves, but in the long run risks being crushed by Black's kingside
majority, while on the queenside there is nothing going for him.} Nh7 $6 {
Anand confessed that when he saw this move he briefly considered resigning.
Indeed, Black's plan is rather intimidating: he will simply set his kingside
majority in motion. And yet, the text move is premature. The fact is that
Black's queenside situation is not 100% safe. The b4-pawn cannot be defended
by its colleague (we can see one of the positive sides of a4-a5) and will need
the support of a more important piece, the queen's rook probably. Also, if
White manages to exchange the c5-knight without allowing the other black
knight to replace it, the c5-square will have to be secured by the second rook.
Obviously, this will reduce Black's attacking potential and somewhat spoil his
coordination. Playing ...Nfd7 does not look too appealing, because it would
practically cut Black's position in two parts without comunication, leaving
the king exposed. However, other useful moves are available, before declaring
war on the kingside.} ({One natural continuation is} 27... Rab7 $5 {
preventively defending b4.} 28. Qd2 h5 29. Kh1 h4 30. Ngf1 Nh5 $17 {White can
do little else but sit and wait for the attack to come.}) 28. Ne4 $1 {Suddenly,
White gets back into game.} f5 $6 {Black seems to be hypnotised by the a5-pawn.
By accepting that his rook is decoyed to c5, he will somewhat spoil his
coordination. After the text move, all three results become possible, for the
first time since the opening.} (28... Nxe4 {would have been safer.} 29. Bxe4
Nf6 30. Nc2 (30. Bd3 $6 {allows the knight transfer to c5:} Nd7 $1 31. Qd2 Nc5
32. Rab1 {In order to maintain the threat against the b4-pawn, White has to
leave the c2-square available for the knight.} Qg5 $1 $17 {Followed by ...Rab7
and a slow kingside attack.}) 30... Rab7 31. Qd2 Nxe4 32. Rxe4 Bf5 33. Re2 Bxc2
34. Qxc2 Qg5 $15 {/= It is hard to say whether Black retains an advantage, but
at least he cannot possibly be worse.}) 29. Nxc5 Rxc5 30. Qd2 Rb7 31. Bd3 $1 {
A strong move, clearing the c2-square for the knight and indirectly defending
the a5-pawn.} f4 {Black has to place his whole bet on the card of attack.} ({
In his initial calculations, Shirov might have overlooked the fact that after} 
31... Rxa5 $6 32. Rxa5 Qxa5 {White opens the position with} 33. c5 $1 $16 {
underlining Black's poor coordination.}) ({Anand stated that the last safety
net for Black consisted of} 31... Bd7 32. Nc2 Qg5 {Indeed, it seems that after
having secured the b4-pawn, Black will play at his own leisure, but in fact
White can get counterplay immediately:} 33. f4 $1 Qxf4 34. Qxf4 exf4 35. Nd4
Kf7 36. Rf1 $14 {With the knight far from the c5-square, Black's blockade
fails to impress, while White's pieces are very active.}) 32. Nc2 Qg5 33. Ra4 {
White cannot use half measures either.} (33. Kh2 $6 Qh4 34. Bf1 Ng5 $40) 33...
Bxh3 34. Bf1 ({Anand recommended} 34. f3 {, but after} Nf6 35. Rxb4 Rxb4 36.
Nxb4 Rxa5 $132 {[%cal Ga5a3] the temporary insufficient defence of the g2-pawn
offers Black counterplay.}) 34... Nf6 $6 {The knight returns into play without
a clear plan.} (34... Qg4 $1 {, planning ...Ng5, would have been more
constructive.} 35. f3 (35. Rxb4 Ng5 36. Kh2 Qh5 37. Kg1 Qg4 $11 {leads to a
draw by repetition.}) 35... Qg3 36. Rxb4 Rxb4 37. Nxb4 Ng5 38. Qf2 Rxa5 39.
Qxg3 fxg3 $13 40. gxh3 $2 Nxf3+ $19) 35. f3 $6 ({Anand mentioned the following
drawing line:} 35. Rxb4 Rxb4 36. Qxb4 (36. Nxb4 e4 37. Nxa6 Rc8 38. c5 e3 $13)
36... Bxg2 37. Bxg2 f3 38. Ne3 Ng4 39. Qb8+ $11) 35... e4 $1 {Suddenly, Black
has strong threats again. The knight's placement is entirely justified now.}
36. fxe4 Re7 37. Nd4 Nxe4 38. Qd3 Bf5 39. Ne6 $2 {This could have been the
decisive mistake, but it eventually was the winning move.} (39. Rxb4 Rc8 $13)
39... Rxe6 $4 {Time trouble panic.} ({Anand said that he did not see how to
save the game after} 39... Ng3 $1 {Indeed, here are some illustrative
variations:} 40. Qd2 Bxe6 41. dxe6 (41. Rxe6 Rxe6 42. dxe6 Qh5 43. Bd3 f3)
41... Qf6 42. Rxb4 Rh5 43. c5 Rh1+ 44. Kf2 Qh4 $19) 40. dxe6 $18 {Black is an
exchange down for nothing. Besides, his king is exposed.} Re5 41. Rxb4 Qd8 42.
Qd4 f3 43. gxf3 Ng5 44. Rxe5 Nxf3+ 45. Kf2 Nxe5 46. Rb6 Bxe6 47. Be2 Qf6+ 48.
Ke3 Qg5+ 49. Qf4 Qg1+ 50. Kd2 Qa1 51. Rxd6 Qxa5+ 52. Kd1 g5 53. Qd4 Kf7 54. Rd5
Bxd5 55. Qxe5 1-0

[Event "London m"]
[Site "London"]
[Date "1998.04.18"]
[Round "3"]
[White "Rowson, Jonathan"]
[Black "Adams, Michael"]
[Result "0-1"]
[WhiteElo "2485"]
[BlackElo "2670"]
[Annotator "McShane,L"]
[PlyCount "76"]
[EventDate "1998.04.16"]
[EventType "match"]
[EventRounds "6"]
[EventCountry "ENG"]
[SourceTitle "CBM 065"]
[Source "ChessBase"]
[SourceDate "1998.08.06"]
[SourceVersion "1"]
[SourceVersionDate "1998.08.06"]
[SourceQuality "1"]

1. e4 e5 2. Nf3 Nc6 3. Bb5 a6 4. Ba4 Nf6 5. O-O Bc5 6. c3 b5 7. Bb3 d6 8. a4
Bg4 9. h3 Bh5 10. d3 Rb8 11. Nbd2 O-O 12. Re1 b4 13. Bc4 $6 (13. a5 $142 {
and then 14.Bc4.}) 13... Na5 $1 14. Bxa6 c6 {threatening Qb6} 15. d4 (15. Bc4
d5 16. exd5 (16. Ba2 b3 17. Bb1 (17. Nxb3 Nxb3 18. Bxb3 Qb6) 17... d4 {
constricts the white queenside.}) 16... cxd5 17. Bb5 (17. Bb3 bxc3 18. bxc3 Qb6
) (17. Ba2 b3) 17... e4 18. dxe4 dxe4 19. Nxe4 Nxe4 20. Qxd8 Rfxd8 21. Rxe4 Nb3
22. Rb1 Rd1+ 23. Re1 Bxf3 {wins for Black.}) 15... bxc3 16. dxc5 cxd2 17. Bxd2
Nb3 $1 {This gain of time while swinging the knight into the game results in
material gain for Black.} 18. Ra3 Nxc5 19. Bd3 Rxb2 20. Qc1 Qb8 $1 {Allowing
Rb1 in the future. Defending the rook from b8 instead of b6 prevents a5.} 21.
Bc2 {Losing a pawn but it is hard to suggest anything else. 21.Kh2 was
possible but after 21...Bxf3 White is virtually lost anyway.} Nfxe4 $1 22. Rxe4
Bg6 23. Nxe5 Bxe4 24. Bxe4 dxe5 25. Qxc5 Rxd2 {Black swiftly converts the
exchange to victory.} 26. a5 Qd6 27. Rc3 Qxc5 28. Rxc5 Rc8 29. Rxe5 Kf8 30. Kf1
Ra2 31. Rh5 h6 32. Rc5 Re8 33. f3 Rd8 34. Kg1 Rc8 35. h4 Ke7 36. h5 Kd6 37. Rf5
f6 38. Bd3 c5 0-1

[Event "Hastings 0203 78th"]
[Site "Hastings"]
[Date "2002.12.28"]
[Round "1"]
[White "McShane, Luke J"]
[Black "Harikrishna, Pentala"]
[Result "1/2-1/2"]
[WhiteElo "2546"]
[BlackElo "2551"]
[Annotator "McShane,L"]
[PlyCount "86"]
[EventDate "2002.12.28"]
[EventType "tourn"]
[EventRounds "9"]
[EventCountry "ENG"]
[EventCategory "12"]
[SourceTitle "CBM 093"]
[Source "ChessBase"]
[SourceDate "2003.04.01"]
[SourceVersion "1"]
[SourceVersionDate "2003.04.01"]
[SourceQuality "1"]

1. e4 e5 2. Nf3 Nc6 3. Bb5 a6 4. Ba4 Nf6 5. O-O b5 6. Bb3 Bc5 7. c3 d6 8. a4
Rb8 9. d4 Bb6 10. Na3 (10. axb5 {is also played.}) 10... O-O 11. axb5 axb5 12.
Nxb5 Bg4 13. Re1 (13. Ra4) (13. Be3) 13... Bxf3 14. gxf3 exd4 (14... Nh5 15.
Kh1 $1 {Svidler} Qf6 16. Rg1 exd4 17. Bg5 Qe5 18. Bd5 dxc3 19. Bxc6 Bxf2 20.
Rg2 cxb2 21. Rb1 Rxb5 22. Bxb5 Qxb5 23. Be7 Re8 24. Rxf2 Rxe7 25. Rfxb2 Qd7
$132) 15. cxd4 Nxd4 16. Nxd4 Bxd4 17. Bxf7+ Rxf7 18. Qxd4 Nd7 19. Ra3 $146 Nc5
20. Qc4 (20. b4 Ne6 21. Qc4 Qf6 {looks okay for Black.}) 20... Qe8 $1 21. f4 (
21. b4 Qe6 $1 22. Qxe6 (22. Qc3 Qg6+ $1 23. Kh1 Ne6 $132) 22... Nxe6 23. Bd2
Nd4 $17) 21... Qe6 22. Qxe6 Nxe6 23. f5 Nd4 (23... Nc5 24. Ree3 $1 {[%cal
Yf2f3,Yb2b3,Yc1d2]}) 24. Rd3 (24. Rc3 Re8 {might be annoying}) 24... c5 25. Kf1
(25. Kg2) (25. f3 g6 26. fxg6 Rxf3 $1) 25... Re8 26. Bd2 (26. Bf4 d5 $1 27.
exd5 Rxe1+ 28. Kxe1 Rxf5 29. Be3 (29. Bd6 Rxd5 30. Bxc5 Nc2+ $1 31. Kd2 Rxc5
$19) 29... Rxd5 30. Bxd4 cxd4 $11) 26... Nc2 27. Rc1 Nd4 28. Re1 Nc2 29. Rc1
Nd4 30. f3 (30. b4 Rxe4 31. bxc5 Nxf5 $1 (31... dxc5 32. Rxc5 Rxf5 33. Rc8+ $1
(33. Rc4 Rd5 34. Bc3 Nc6 $1) 33... Kf7 (33... Rf8 34. Rc4 Rd8 (34... Re2 35.
Be3) 35. Bc3 $18) 34. Rc4 Rd5 (34... Re2 35. Be3) 35. Bc3 Nf5 36. Rxd5 Rxc4 37.
Rxf5+ Kg6 38. Rf3 $18) 32. cxd6 (32. c6 Rc7 33. Ba5 Rc8 $132 {[%csl Gf5][%cal
Yg8e6]}) 32... Rd7 33. Rc8+ Kf7 34. Rc7 Ke6 $11 {[%csl Rd6]}) 30... g6 31. fxg6
Rxf3+ (31... hxg6 32. Kg2 Ref8 33. Rf1 $16) 32. Rxf3 Nxf3 33. gxh7+ Kxh7 34.
Bf4 Rxe4 35. Bxd6 Rd4 (35... Rc4 $2 36. Rc3 $1) (35... Nd2+ 36. Kg2 Nc4 (36...
Re2+ 37. Kg3 Ne4+ $140 38. Kf3 $18) 37. Bg3 Nxb2 38. Rxc5 $14) 36. Bxc5 Rd2 37.
Rc3 Nxh2+ 38. Kg1 Rxb2 39. Rg3 {[%csl Rh2]} Re2 (39... Rb5 40. Bf2 Rg5 $1 $11)
40. Bf2 Re6 $1 $11 41. Kxh2 Rh6+ 42. Kg2 Rg6 43. Rxg6 Kxg6 1/2-1/2

[Event "Sigeman & Co 11th"]
[Site "Malmo"]
[Date "2003.05.07"]
[Round "8"]
[White "McShane, Luke J"]
[Black "Hector, Jonny"]
[Result "1-0"]
[WhiteElo "2592"]
[BlackElo "2553"]
[Annotator "McShane,L"]
[PlyCount "91"]
[EventDate "2003.04.29"]
[EventType "tourn"]
[EventRounds "9"]
[EventCountry "SWE"]
[EventCategory "13"]
[SourceTitle "CBM 095"]
[Source "ChessBase"]
[SourceDate "2003.07.25"]
[SourceVersion "1"]
[SourceVersionDate "2003.07.25"]
[SourceQuality "1"]

1. e4 e5 2. Nf3 Nc6 3. Bb5 a6 4. Ba4 Nf6 5. O-O b5 6. Bb3 Bb7 (6... Bc5 $5) 7.
d3 Bc5 8. Be3 $5 {Ivanchuk's move.} d6 9. Bxc5 dxc5 10. c3 O-O 11. Qe2 Qd6 12.
Nbd2 $14 {Hard to believe, but I think White's edge is real here.} Ne7 13. Rfe1
Ng6 14. g3 h6 (14... Nh5 15. Qe3 Nhf4 16. gxf4 Nxf4 $16) 15. Bc2 Nd7 16. a4
Rae8 17. Rad1 Nb6 (17... Re7 18. Nf1 $1 {[%csl Rd6,Re7][%cal Yf1e3,Ye3f5]}) (
17... Bc6 18. axb5 axb5 19. d4 $5) 18. axb5 axb5 19. d4 $36 cxd4 (19... exd4
20. Qxb5 $1 (20. cxd4 c4 $132)) 20. cxd4 exd4 (20... Qb4 $5 21. Nb3 $14) 21.
Qxb5 c5 (21... Ne5 22. Nxe5 Rxe5 23. Qd3 $1 {[%csl Rd6,Re5,Rg8][%cal Yf2f4,
Ye4e5,Yd3h7]}) 22. b4 $1 {[%csl Rc5,Rd4][%cal Yb4c5]} Rc8 (22... cxb4 23. Rb1
$1 {[%csl Rb4,Rb6,Rb7,Rd4]} Rc8 24. Qxb4 $16 (24. Bd3 Rc3)) 23. e5 Qc7 (23...
Qe6 24. bxc5 Nf4 25. Be4 $1 {Hector}) 24. Bf5 $1 (24. bxc5 Nd7) 24... Nd5 $5 {
[%cal Yd5c3]} (24... Rcd8 25. Qxc5 $16) (24... c4 $6 25. Bxc8 Rxc8 26. Nxd4 Nd5
{[%cal Yg6e5,Yd5c3]} 27. Rc1 Nxe5 $140 28. Rxe5 $18) 25. Qxc5 (25. Bxc8 Qxc8
$44 {[%csl Gb7,Rg1][%cal Yd5f4,Yg6f4,Yc8h3]} 26. Rc1 $16) 25... Qxc5 26. bxc5
Rxc5 27. Nb3 Rc3 28. Nbxd4 $16 {[%csl Ge5]} Nde7 29. Be4 Bxe4 30. Rxe4 Rd8 31.
Rde1 Rd3 32. Kg2 Nf8 33. h4 g6 $6 {[%csl Rf7,Rg6,Rh6]} (33... Ne6 $5 34. Nxe6
fxe6 35. h5 Nf5 $16) (33... h5 {[%csl Gg5][%cal Yf3g5]}) 34. h5 $1 g5 {[%csl
Gf5,Gg4,Rh6]} 35. Nc2 $1 {[%csl Ge3,Gg4,Rh6][%cal Yc2e3,Yh2g4,Yf3h2]} Ne6 36.
Ne3 Rb8 37. Nh2 Rb2 38. Nhg4 Kg7 39. Ra1 {[%csl Re7,Rg7][%cal Ya1a7,Ya7a8]} Rd7
40. Ra8 Rbd2 41. Re8 $1 {[%csl Re7,Rg7][%cal Ye8e7,Ye3f5]} (41. Nf6 Rd8 42. Ra7
Nc6) 41... Ra7 (41... Ng8 $5) (41... Nc5 $6 42. Nf6 $1 Nxe4 43. Nf5+ $1 Nxf5
44. Rg8#) 42. Rxe7 Rxe7 43. Nf5+ Kf8 44. Nxe7 Kxe7 45. Nxh6 $18 Ng7 46. Rg4 1-0